000 00534nam a2200193Ia 4500
001 22604
003 GE_BSU
008 181216s||||||||xx |||||||||||||| ||und||
040 _cGE_BSU
245 _aГенетика. Том 54, №3. Март 2018
245 _cГл. ред. Янковский
260 _aМосква
260 _c2018
300 _a273-378 стр. 30см.
653 _aГенетика. Том 54, №3.Март 2018
653 _aПериодика
653 _aპერიოდიკა
942 _cCR
999 _c55522
_d55522